000 02382cam a22004934i 4500
003 PE-LiUPU
005 20250731173052.0
008 180222s2014 nyu rb 001 0 eng d
020 _a9781137372567
035 _a(Sirsi) a241361
040 _aPE-LiUPU
_bspa
_cPE-LiUPU
_erda
049 _aPRUA
082 0 4 _a296.1208642
_bM3
_223
245 0 0 _aMeals in early Judaism :
_bsocial formation at the table /
_cedited by Susan Marks and Hal Taussig.
264 1 _aNew York :
_bPalgrave Macmillan,
_c2014.
300 _axii, 204 páginas ;
_c23 centímetros
336 _atext
_2rdacontent
337 _aunmediated
_2rdamedia
338 _avolume
_2rdacarrier
504 _aBibliografía : páginas 183-193.
504 _aÍndice : páginas 201-204.
505 0 _aTen theses concerning meals and early Judaism -- Thinking about the ten theses in relation to the Passover Seder and women's participation -- Food and identity in early rabbinic Judaism -- In the place of libation: birkat hamazon navigates new ground -- Performing myth, performing Midrash at rabbinic meals -- The pivotal place of the Therapeutae in understanding the meals of early Judaism -- The food of the Therapeutae: a thick description -- The ritual dynamics of inspiration: the Therapeutae's dance -- Contrasting banquets: a literary commonplace in Philo's on the contemplative life and other Greek and Roman symposia -- Next steps: placing this study of Jewish meals in the larger picture of meals in the ancient world, early Judaism, and early Christianity.
526 _aSEG42
526 _aSEG41
526 _aSEG40
526 _aSEG39
526 _aP94
526 _aP87
526 _aP86
526 _aP85
526 _aP77
526 _aP76
526 _aP35
650 0 4 _aCenas y cenas en literatura rabínica.
650 0 4 _aLiteratura rabínica: historia y crítica.
650 0 4 _aDinners and dining in rabbinical literature.
650 0 4 _aRabbinical literature -- history and criticism.
910 _adbm
_bncf
_cncf
_d20180222
942 _2ddc
_cBOOK
994 _aC0
_bPEPRU
596 _a1
999 _a296.1208642 M3
_wDEWEY
_c27002
_i78295
_f2021-11-11
_g4
_lCCODEBUL1
_mBUL
_p95.00
_r0
_sY
_tBOOK
_u2018-2-22
_xTEOLOGIA
_PP85
_0DONACION
_o.STAFF. Colección Teología
_d27002
980 _81
_gALBERTO SANCHEZ Responsable de Automatización